000 00690nam a2200181Ia 4500
008 151202s9999||||xx |||||||||||||| ||und||
082 _bPNVM-70057
100 _aतेंडुलकर प्रिया.
245 _aज्याचा त्याचा प्रश्‍न.
260 _b"राजहंस प्रकाशन, पुणे."
260 _c70057
300 _a168
600 _aतेंडुलकर प्रिया.
630 _aज्याचा त्याचा प्रश्‍न.
700 _aतेंडुलकर प्रिया.
730 _aज्याचा त्याचा प्रश्‍न.
942 _cBOOK
999 _c1336567
_d1336564